| 000 | 00505nmm a22001697a 4500 | ||
|---|---|---|---|
| 005 | 20170210134136.0 | ||
| 008 | 150728b xxu||||| |||| 00| 0 spa d | ||
| 041 | _aspa | ||
| 082 | _aMD 164 | ||
| 100 |
_aMorales Coto, María _911088 |
||
| 245 | _aInforme de Práctica Supervisada realizado en la Clínica Especialidades Odontológicas Dr. Juan Carlos Coto | ||
| 260 | _c2013 | ||
| 650 |
_aCOSTA RICA _939587 |
||
| 650 |
_aMECÁNICA DENTAL _939588 |
||
| 650 |
_aAPARATOS FUNCIONALES _94264 |
||
| 942 | _cIP | ||
| 999 |
_c6857 _d6857 |
||